000
00222nam a2200085Ia 4500
008
120527s9999 xx 000 0 und d
100
_a
IJIOMAH,M.I
245
_a
An introduction to farm management and accounting.
942
_c
BK
999
_c
24128
_d
24128